[Event "RN-2014-0-00835"]
[Site "LSS email"]
[Date "2014.08.12"]
[Round "?"]
[White "Bortnicker, Cory"]
[Black "Hickl, Norbert"]
[Result "0-1"]
[WhiteElo "659"]
[BlackElo "1074"]
[PlyCount "22"]
[EventDate "2014.08.06"]
[EventType "tourn (corr)"]
[EventRounds "6"]
[EventCountry "GER"]
[SourceTitle "Corr 2022"]
[Source "ChessBase"]
[SourceDate "2021.10.24"]
[SourceVersion "1"]
[SourceVersionDate "2021.10.24"]
[SourceQuality "1"]

1. e4 e6 2. d3 d5 3. Nf3 c5 4. Bg5 Be7 5. Nc3 Bxg5 6. Ne5 Nf6 7. Be2 Nbd7 8. f4 Bxf4 9. Nf3 d4 10. Nb5 Qa5+ 11. c3 Qxb5 0-1

[Event "RN-2014-0-00835"]
[Site "LSS email"]
[Date "2014.08.12"]
[Round "?"]
[White "Brough, Carl"]
[Black "Bortnicker, Cory"]
[Result "1-0"]
[WhiteElo "695"]
[BlackElo "659"]
[PlyCount "23"]
[EventDate "2014.08.06"]
[EventType "tourn (corr)"]
[EventRounds "6"]
[EventCountry "GER"]
[SourceTitle "Corr 2022"]
[Source "ChessBase"]
[SourceDate "2021.10.24"]
[SourceVersion "1"]
[SourceVersionDate "2021.10.24"]
[SourceQuality "1"]

1. d4 d5 2. c4 e6 3. a3 Nf6 4. Nc3 Nc6 5. Nf3 g6 6. Bg5 Be7 7. Bh6 b6 8. e3 Ng8 9. Bg7 Na5 10. Bxh8 Ba6 11. Be2 Bf6 12. Bxf6 1-0

[Event "RN-2014-0-00835"]
[Site "LSS email"]
[Date "2014.08.12"]
[Round "?"]
[White "Cherry, Brian"]
[Black "Bortnicker, Cory"]
[Result "1-0"]
[WhiteElo "679"]
[BlackElo "659"]
[PlyCount "81"]
[EventDate "2014.08.06"]
[EventType "tourn (corr)"]
[EventRounds "6"]
[EventCountry "GER"]
[SourceTitle "Corr 2022"]
[Source "ChessBase"]
[SourceDate "2021.10.24"]
[SourceVersion "1"]
[SourceVersionDate "2021.10.24"]
[SourceQuality "1"]

1. Nc3 e6 2. Nf3 d5 3. d4 Nf6 4. Bg5 h6 5. Bh4 Bb4 6. Qd2 0-0 7. 0-0-0 Nc6 8. a3 Ba5 9. h3 Ne4 10. b4 Nxd2 11. Bxd8 Nxf1 12. bxa5 Rxd8 13. Nb5 Rd7 14. Rd3 a6 15. Nc3 Nxa5 16. Rxf1 b5 17. Na2 f6 18. Nh4 e5 19. dxe5 fxe5 20. Nb4 Bb7 21. Rfd1 d4 22. e3 g5 23. Nf5 Rf8 24. Nxh6+ Kh8 25. g3 Bf3 26. Re1 Rh7 27. Ng4 Rxh3 28. Nxe5 Rf6 29. Rxd4 Nb7 30. Nxa6 Rxa6 31. Nxf3 Rxa3 32. Nxg5 Ra1+ 33. Kd2 Rh1 34. Rxh1+ Rxh1 35. Rd7 Nc5 36. Rxc7 Na4 37. Rb7 Nb2 38. Rxb5 Rd1+ 39. Ke2 Rb1 40. c4 Nxc4 41. Rxb1 1-0

[Event "ZN-2014-0-02702"]
[Site "LSS email"]
[Date "2014.05.02"]
[Round "?"]
[White "Bortnicker, Cory"]
[Black "Mori, Roberto"]
[Result "0-1"]
[WhiteElo "476"]
[BlackElo "527"]
[PlyCount "66"]
[EventDate "2014.04.28"]
[EventType "match (corr)"]
[EventRounds "2"]
[EventCountry "GER"]
[SourceTitle "Corr 2015"]
[Source "ChessBase"]
[SourceDate "2015.07.17"]
[SourceVersion "1"]
[SourceVersionDate "2015.07.17"]
[SourceQuality "1"]

1. d4 d5 2. Nf3 Nf6 3. e3 Bf5 4. Nc3 e6 5. Bb5+ c6 6. Ba4 Bb4 7. a3 0-0 8. Ne5 Ba5 9. 0-0 Bxc3 10. bxc3 b5 11. Bb3 Nbd7 12. a4 Nxe5 13. dxe5 Qa5 14. Ba3 Nd7 15. Bxf8 Rxf8 16. Qd2 Nxe5 17. Rad1 bxa4 18. Ba2 a3 19. f4 Ng4 20. h3 Nf6 21. c4 Qa6 22. Qb4 Bxc2 23. Rc1 Bd3 24. Rfd1 Be2 25. Rd2 Bxc4 26. Bb1 Nd7 27. e4 Rb8 28. Qd6 Nf6 29. e5 Qb6+ 30. Kh2 Rd8 31. Qxa3 Nh5 32. Rf1 Bxf1 33. Qc3 Qxb1 0-1

[Event "OP-2012-0-01987"]
[Site "LSS email"]
[Date "2012.01.06"]
[Round "?"]
[White "Neumann, Frank"]
[Black "Bortnicker, Cory"]
[Result "1-0"]
[WhiteElo "664"]
[BlackElo "533"]
[PlyCount "35"]
[EventDate "2012.01.03"]
[EventType "tourn (corr)"]
[EventRounds "4"]
[EventCountry "GER"]
[SourceTitle "Telechess CBM 157"]
[Source "ChessBase"]
[SourceDate "2013.11.12"]
[SourceVersion "1"]
[SourceVersionDate "2013.11.12"]
[SourceQuality "1"]

1. b4 d5 2. Bb2 Nc6 3. b5 Ne5 4. Bxe5 f6 5. Bb2 e5 6. a4 Bc5 7. e3 Ne7 8. Nf3 Nf5 9. Be2 e4 10. Ng1 Nd6 11. Bg4 f5 12. Bh3 Nc4 13. Bxg7 Rg8 14. Bb2 h5 15. Bc3 c6 16. bxc6 bxc6 17. Ne2 Nb2 18. Bxb2 1-0

[Event "OP-2011-0-01932"]
[Site "LSS email"]
[Date "2011.12.12"]
[Round "?"]
[White "Arriola, Gabriel"]
[Black "Bortnicker, Cory"]
[Result "1-0"]
[WhiteElo "1046"]
[BlackElo "533"]
[PlyCount "41"]
[EventDate "2011.12.08"]
[EventType "tourn (corr)"]
[EventRounds "4"]
[EventCountry "GER"]
[SourceTitle "Telechess CBM 157"]
[Source "ChessBase"]
[SourceDate "2013.11.12"]
[SourceVersion "1"]
[SourceVersionDate "2013.11.12"]
[SourceQuality "1"]

1. e4 e5 2. Nf3 d6 3. Nc3 Bg4 4. Be2 Nc6 5. 0-0 Nf6 6. d3 Be7 7. Bg5 0-0 8. h3 Be6 9. Qd2 h6 10. Bxh6 Nh7 11. Be3 Bh4 12. d4 f6 13. Nd5 b6 14. Nxh4 Bf7 15. Nf5 Bg6 16. Bg4 Ng5 17. Bxg5 fxg5 18. c3 Na5 19. Nfe7+ Kh7 20. Qxg5 Qe8 21. Qh4+ 1-0

[Event "OP-2011-0-01932"]
[Site "LSS email"]
[Date "2011.12.12"]
[Round "?"]
[White "Kazimierski, Tomasz"]
[Black "Bortnicker, Cory"]
[Result "1-0"]
[WhiteElo "1917"]
[BlackElo "800"]
[PlyCount "31"]
[EventDate "2011.12.08"]
[EventType "tourn (corr)"]
[EventRounds "4"]
[EventCountry "GER"]
[SourceTitle "Corr 2022"]
[Source "ChessBase"]
[SourceDate "2021.10.24"]
[SourceVersion "1"]
[SourceVersionDate "2021.10.24"]
[SourceQuality "1"]

1. d4 d5 2. c4 Nf6 3. cxd5 Nxd5 4. Nf3 Nc6 5. e4 Nf4 6. Bxf4 Bg4 7. d5 Nb8 8. Qa4+ c6 9. Nc3 e6 10. Ne5 Qb6 11. Qc2 Bb4 12. Nxg4 Nd7 13. dxe6 fxe6 14. 0-0-0 0-0 15. Be3 Qa5 16. Rxd7 1-0

[Event "RN-2011-0-00425"]
[Site "LSS email"]
[Date "2011.12.01"]
[Round "?"]
[White "Bester, Kazimierz"]
[Black "Bortnicker, Cory"]
[Result "1-0"]
[WhiteElo "706"]
[BlackElo "533"]
[PlyCount "39"]
[EventDate "2011.11.19"]
[EventType "tourn (corr)"]
[EventRounds "6"]
[EventCountry "GER"]
[SourceTitle "Telechess CBM 157"]
[Source "ChessBase"]
[SourceDate "2013.11.12"]
[SourceVersion "1"]
[SourceVersionDate "2013.11.12"]
[SourceQuality "1"]

1. f4 d5 2. Nf3 Nf6 3. e3 Bg4 4. Be2 e6 5. 0-0 Ne4 6. d3 Nd6 7. Ne5 f6 8. Nxg4 f5 9. Ne5 Nc6 10. d4 Qh4 11. Nf3 Qf6 12. Ne5 a5 13. Nd2 g6 14. Ndf3 Ne4 15. c3 0-0-0 16. Nxc6 bxc6 17. Ne5 Kb7 18. Qb3+ Kc8 19. Nxc6 Rd7 20. Qb8# 1-0

[Event "RN-2011-0-00425"]
[Site "LSS email"]
[Date "2011.12.01"]
[Round "?"]
[White "Bortnicker, Cory"]
[Black "Venturas, Bob"]
[Result "0-1"]
[WhiteElo "533"]
[BlackElo "758"]
[PlyCount "50"]
[EventDate "2011.11.19"]
[EventType "tourn (corr)"]
[EventRounds "6"]
[EventCountry "GER"]
[SourceTitle "Telechess CBM 157"]
[Source "ChessBase"]
[SourceDate "2013.11.12"]
[SourceVersion "1"]
[SourceVersionDate "2013.11.12"]
[SourceQuality "1"]

1. e4 e5 2. d3 Nc6 3. Nf3 Nf6 4. Nc3 h6 5. b3 Bc5 6. Be3 Bb4 7. Bd2 d6 8. h3 0-0 9. Nd5 Ba3 10. Be2 Nd7 11. 0-0 Ne7 12. Ba5 b6 13. Bd2 Ng6 14. c4 c6 15. Nc3 Nf6 16. Nb1 Bb2 17. Nc3 Bxa1 18. Qxa1 Nf4 19. Qe1 N6h5 20. Nh2 Qh4 21. Nd1 Nxg2 22. Kxg2 Bxh3+ 23. Kg1 Nf4 24. Nf3 Qg4+ 25. Kh2 Qg2# 0-1